[Event "DEM U14w 2017"]
[Site "Willingen GER"]
[Date "2017.06.10"]
[Round "9"]
[White "Abele, Anais"]
[Black "Wucherer, Sophie"]
[Result "1-0"]
[Termination "normal"]
[Board "11"]
[WhiteElo "1628"]
[BlackElo "1229"]
[PlyCount "103"]
[WhiteFideId "16208927"]
[BlackFideId "16225473"]
[EventCountry "GER"]
[EventRounds "9"]
[EventType "swiss"]
[EventDate "2017.06.03"]

1. e4 e6 2. d4 d5 3. Nd2 c5 4. Ngf3 Nc6 5. exd5 exd5 6. Bb5 Bd6 7. dxc5 Bxc5 8.
O-O Nge7 9. Nb3 Bb6 10. c3 O-O 11. Bf4 Bg4 12. h3 Bh5 13. Qd3 Bc7 14. Bxc7 Qxc7
15. Nbd4 Rfe8 16. Rfe1 a6 17. Ba4 b5 18. Bc2 Bg6 19. Qd2 Bxc2 20. Nxc2 Qd6 21.
Rad1 Nd8 22. Nb4 Ne6 23. Nxd5 Red8 24. Nf6+ gxf6 25. Qxd6 Rxd6 26. Rxd6 Kg7 27.
Nd4 Nxd4 28. Rxd4 Ng6 29. Rd7 Ne5 30. Rdd1 Rg8 31. Re3 Kh6 32. Rg3 Rxg3 33.
fxg3 Nc4 34. b3 Ne3 35. Rd6 Kg7 36. Rxa6 Nd5 37. c4 bxc4 38. bxc4 Nb4 39. Ra8
f5 40. a4 f4 41. gxf4 Nd3 42. a5 Nxf4 43. a6 Ne6 44. a7 Nc7 45. Rc8 f5 46. a8=Q
Nxa8 47. Rxa8 Kf6 48. Re8 Kf7 49. Re2 f4 50. c5 f3 51. gxf3 Kf6 52. c6 1-0

[Event "DEM U14w 2017"]
[Site "Willingen GER"]
[Date "2017.06.10"]
[Round "9"]
[White "Sinnhöfer, Lilian"]
[Black "Wagner, Victoria"]
[Result "1/2-1/2"]
[Termination "normal"]
[Board "12"]
[WhiteElo "1477"]
[BlackElo "1499"]
[PlyCount "94"]
[WhiteFideId "12977586"]
[BlackFideId "16232348"]
[EventCountry "GER"]
[EventRounds "9"]
[EventType "swiss"]
[EventDate "2017.06.03"]

1. e4 c5 2. Nf3 d6 3. d4 cxd4 4. Qxd4 Nc6 5. Bb5 Bd7 6. Bxc6 Bxc6 7. Nc3 Nf6 8.
Bg5 e6 9. O-O-O Be7 10. Rhe1 O-O 11. Kb1 h6 12. Bh4 Qc7 13. Nd2 Rfd8 14. Nb3
Nxe4 15. Rxe4 Bxe4 16. Qxe4 Bxh4 17. Qxh4 Rac8 18. Qg3 b5 19. Rd2 Qc4 20. Rd4
Qc7 21. a3 a6 22. Rg4 g6 23. Rh4 Kh7 24. Qh3 h5 25. Qd3 Kg7 26. Ne4 Qe7 27. Rh3
d5 28. Ned2 Qg5 29. Qg3 Qxg3 30. Rxg3 Rd7 31. Re3 Rdc7 32. c3 Re8 33. Nf3 f6
34. Rd3 Rc4 35. Rd4 Rxd4 36. Nfxd4 e5 37. Ne2 Rc8 38. Kc2 d4 39. Kd3 dxc3 40.
Nxc3 f5 41. f3 Kh6 42. Ke3 Rc4 43. Na5 f4+ 44. Ke2 Rc7 45. Nb3 g5 46. Nd2 g4
47. Kf2 Rd7 1/2-1/2

[Event "DEM U14w 2017"]
[Site "Willingen GER"]
[Date "2017.06.10"]
[Round "9"]
[White "Albert, Eske"]
[Black "Jacoby, Angelina"]
[Result "1-0"]
[Termination "normal"]
[Board "13"]
[WhiteElo "1415"]
[BlackElo "1244"]
[PlyCount "105"]
[WhiteFideId "12991813"]
[BlackFideId "12999008"]
[EventCountry "GER"]
[EventRounds "9"]
[EventType "swiss"]
[EventDate "2017.06.03"]

1. e4 d5 2. exd5 Qxd5 3. Nc3 Qa5 4. d4 c6 5. Nf3 Nf6 6. Bd3 Bg4 7. h3 Bh5 8.
Bf4 e6 9. O-O Qd8 10. Be2 Bg6 11. Ne5 Bd6 12. Nxg6 hxg6 13. Qd2 Qc7 14. Bxd6
Qxd6 15. Qe3 Nbd7 16. Bf3 Nb6 17. Ne2 O-O-O 18. a4 Nfd5 19. Bxd5 Nxd5 20. Qa3
Qc7 21. a5 g5 22. Qg3 Qxg3 23. Nxg3 Rh4 24. c3 Rdh8 25. Rfe1 g4 26. hxg4 Rxg4
27. Re4 Rxe4 28. Nxe4 Kd7 29. Nc5+ Kc7 30. g3 Nf6 31. f3 Rh5 32. Kg2 Nd7 33.
Nxd7 Kxd7 34. b4 Kd6 35. c4 Rh8 36. f4 f6 37. Re1 Rd8 38. g4 Rd7 39. Kf3 Re7
40. f5 exf5 41. c5+ Kd7 42. Rxe7+ Kxe7 43. gxf5 Kf7 44. Ke4 g6 45. Kf4 g5+ 46.
Kg4 a6 47. Kh5 Kg7 48. Kg4 Kh6 49. b5 cxb5 50. d5 Kg7 51. c6 bxc6 52. dxc6 Kf7
53. c7 1-0